[Event "Avoine op 25th"]
[Site "Avoine"]
[Date "2010.??.??"]
[Round "8"]
[White "Pucher, Sebastien"]
[Black "Gallois, Jerome"]
[Result "1-0"]
[WhiteElo "2251"]
[BlackElo "2011"]
[PlyCount "93"]
[EventDate "2010.07.??"]
[EventType "swiss"]
[EventRounds "9"]
[EventCountry "FRA"]
[WhiteTeamCountry "FRA"]
[BlackTeamCountry "FRA"]

1. e4 d5 2. exd5 Qxd5 3. Nc3 Qa5 4. d4 e5 5. Qh5 Nc6 6. Bb5 Bd7 7. Bxc6 Bxc6 8.
d5 Bxd5 9. Qxe5+ Ne7 10. Bd2 O-O-O 11. Nxd5 Rxd5 12. Qe2 Qa4 13. b3 Qc6 14. c4
Qf6 15. Qd1 Rxd2 16. Qxd2 Nc6 17. Ke2 Bc5 18. Nh3 Rd8 19. Qc1 Re8+ 20. Kf1 Nb4
21. Rb1 Qf5 22. Qd1 Rd8 23. Qc1 Nd3 24. Qc2 Qf6 25. Rd1 Nb4 26. Rxd8+ Qxd8 27.
Qf5+ Kb8 28. g3 Qe7 29. Kg2 g6 30. Qb1 a6 31. a3 Nc6 32. b4 Bd4 33. Re1 Qf6 34.
Qd3 Bb2 35. Nf4 Ne5 36. Qb3 Bd4 37. Re2 c6 38. h4 Qf5 39. f3 h6 40. Qc2 Qf6 41.
Re4 Bb6 42. Qe2 Bc7 43. Nd3 Nxd3 44. Qxd3 Qb2+ 45. Re2 Qc1 46. Re8+ Ka7 47.
Qe3+ 1-0

[Event "Avoine op 25th"]
[Site "Avoine"]
[Date "2010.07.19"]
[Round "8"]
[White "Fomichenko, Svetlana"]
[Black "Schneider, Daniel"]
[Result "1-0"]
[WhiteElo "2217"]
[BlackElo "1942"]
[PlyCount "20"]
[EventDate "2010.07.??"]
[EventType "swiss"]
[EventRounds "9"]
[EventCountry "FRA"]
[WhiteTeamCountry "FRA"]
[BlackTeamCountry "FRA"]

1. e4 c6 2. d4 d5 3. Nc3 dxe4 4. Nxe4 Nd7 5. Ng5 Ngf6 6. Bd3 e6 7. N1f3 Bd6 8.
Qe2 Qc7 9. Nxf7 Kxf7 10. Ng5+ Kf8 1-0

[Event "Avoine op 25th"]
[Site "Avoine"]
[Date "2010.08.??"]
[Round "8"]
[White "Vekemans, Denis"]
[Black "Ribeiro, Romain"]
[Result "1/2-1/2"]
[WhiteElo "2022"]
[BlackElo "2159"]
[PlyCount "105"]
[EventDate "2010.07.??"]
[EventType "swiss"]
[EventRounds "9"]
[EventCountry "FRA"]
[WhiteTeamCountry "FRA"]
[BlackTeamCountry "FRA"]

1. e4 c5 2. Ne2 d6 3. g3 e5 4. Bg2 g6 5. O-O Bg7 6. d3 Nc6 7. c3 Nge7 8. f4 Be6
9. Nd2 Qd7 10. Nf3 h6 11. Be3 b6 12. d4 exd4 13. cxd4 Bc4 14. d5 Nb4 15. a3 Nd3
16. b3 Ba6 17. Ra2 Qb5 18. Rd2 Nb2 19. Qc2 O-O 20. Nc3 Qa5 21. Rc1 Nd3 22. Rxd3
Bxd3 23. Qxd3 Bxc3 24. Qxc3 Qxa3 25. Ra1 Qb4 26. Qxb4 cxb4 27. Nd4 f5 28. e5
Rfd8 29. exd6 Rxd6 30. Nc6 Nxc6 31. dxc6 Re8 32. c7 Rd3 33. Bf2 Kf8 34. Bb7 Rc3
35. c8=Q Rexc8 36. Bxc8 Rxc8 37. Rxa7 Rc3 38. Rb7 Rxb3 39. Rxb6 Kf7 40. Bd4
Rb1+ 41. Kg2 b3 42. Rf6+ Ke7 43. Rxg6 Rd1 44. Be5 b2 45. Rb6 b1=Q 46. Rxb1 Rxb1
47. h3 h5 48. g4 hxg4 49. hxg4 fxg4 50. Kg3 Rg1+ 51. Kh2 Re1 52. Kg3 Ke6 53.
Kxg4 1/2-1/2

[Event "Avoine op 25th"]
[Site "Avoine"]
[Date "2010.08.??"]
[Round "8"]
[White "Oei, Hway Ik"]
[Black "Schwarzat, Julian"]
[Result "1-0"]
[WhiteElo "2148"]
[BlackElo "1942"]
[PlyCount "80"]
[EventDate "2010.07.??"]
[EventType "swiss"]
[EventRounds "9"]
[EventCountry "FRA"]
[WhiteTeamCountry "FRA"]
[BlackTeamCountry "FRA"]

1. d4 Nf6 2. c4 e6 3. Nc3 Bb4 4. f3 c5 5. a3 Bxc3+ 6. bxc3 d6 7. e4 e5 8. Be3
b6 9. d5 O-O 10. Bd3 Ne8 11. Qc2 g6 12. g4 Ng7 13. O-O-O Bd7 14. Ne2 Na6 15.
Ng3 Qe8 16. Rdg1 b5 17. cxb5 Bxb5 18. c4 Ba4 19. Qc3 Qd8 20. Bc2 Bxc2 21. Kxc2
Rb8 22. Rb1 Qc7 23. h4 Rxb1 24. Rxb1 Rb8 25. Rxb8+ Qxb8 26. Qa5 Qb6 27. Qb5 f6
28. Bd2 Nc7 29. Qa4 Qa6 30. Qxa6 Nxa6 31. Kb3 Kf7 32. Ka4 Nc7 33. f4 Ke7 34. f5
Kf7 35. fxg6+ Kxg6 36. h5+ Kf7 37. Ba5 Nge8 38. Nf5 Na6 39. Bd8 Nb8 40. Kb5 Nd7
1-0

[Event "Avoine op 25th"]
[Site "Avoine"]
[Date "2010.??.??"]
[Round "8"]
[White "Ralle, Pierre"]
[Black "Merrheim, Xavier"]
[Result "1-0"]
[WhiteElo "2135"]
[BlackElo "1960"]
[PlyCount "59"]
[EventDate "2010.07.??"]
[EventType "swiss"]
[EventRounds "9"]
[EventCountry "FRA"]
[WhiteTeamCountry "FRA"]
[BlackTeamCountry "FRA"]

1. e4 d5 2. exd5 Qxd5 3. Nf3 Bg4 4. Be2 Nc6 5. h3 Bh5 6. Nc3 Qd7 7. d3 Nf6 8.
Bf4 a6 9. Qd2 e6 10. a3 h6 11. O-O-O Bd6 12. Ne4 Bxf4 13. Nxf6+ gxf6 14. Qxf4
Qe7 15. g4 Bg6 16. d4 O-O-O 17. Rhe1 h5 18. g5 fxg5 19. Nxg5 f6 20. Nf3 e5 21.
dxe5 fxe5 22. Qe3 Qf6 23. h4 Rhf8 24. Rxd8+ Rxd8 25. Bd1 Re8 26. Ng5 Rf8 27.
Re2 Nd4 28. Rd2 Qf4 29. Qh3+ Nf5 30. Ne6 1-0

[Event "Avoine op 25th"]
[Site "Avoine"]
[Date "2010.??.??"]
[Round "8"]
[White "Lombart, Philippe"]
[Black "Carvallo, Henri"]
[Result "*"]
[WhiteElo "1988"]
[BlackElo "1846"]
[PlyCount "152"]
[EventDate "2010.07.??"]
[EventType "swiss"]
[EventRounds "9"]
[EventCountry "FRA"]
[WhiteTeamCountry "FRA"]
[BlackTeamCountry "FRA"]

1. d4 d5 2. c4 c6 3. Nf3 Nf6 4. Qc2 g6 5. g3 Bf5 6. Qb3 Qb6 7. Qxb6 axb6 8.
Nbd2 dxc4 9. Nxc4 b5 10. Nce5 Be4 11. Bg2 Bg7 12. O-O O-O 13. Bd2 Nbd7 14. a3
Nxe5 15. Nxe5 Bxg2 16. Kxg2 Rfd8 17. Nf3 Ne4 18. Bc3 Nxc3 19. bxc3 Ra5 20. Rfb1
Rda8 21. Rb3 e6 22. Ne1 e5 23. e3 exd4 24. exd4 Bf8 25. Nc2 f6 26. Kf3 Kf7 27.
Ke2 f5 28. Kd3 Re8 29. Ne3 Rea8 30. Nc2 Rd8 31. Ke2 g5 32. h3 Kf6 33. f3 Bd6
34. g4 h5 35. Ne3 f4 36. Nc2 Rh8 37. Rf1 Raa8 38. Rf2 hxg4 39. hxg4 Rh1 40. Kd2
Ra4 41. Kd3 Rd1+ 42. Ke2 Rh1 43. Kd3 Rh8 44. Nb4 Rha8 45. Nc2 Bxa3 46. Rh2 Bf8
47. Re2 Kf7 48. Re5 Be7 49. Rb1 Bf6 50. Rf5 Rh8 51. d5 Rc4 52. Rb3 Re8 53. Nd4
Rc5 54. dxc6 Rxf5 55. c7 Rc8 56. gxf5 Bxd4 57. cxd4 Rxc7 58. Rxb5 Re7 59. d5
Re3+ 60. Kd4 Rxf3 61. Rxb7+ Kf6 62. d6 Rf1 63. Rb3 Kxf5 64. Rb5+ Kg4 65. Rd5
Rd1+ 66. Ke4 Rxd5 67. Kxd5 f3 68. d7 f2 69. d8=Q f1=Q 70. Qh8 Qf5+ 71. Kd4 Qf4+
72. Kd3 Kg3 73. Ke2 g4 74. Qc3+ Qf3+ 75. Qxf3+ gxf3+ 76. Kf1 f2 *

[Event "Avoine op 25th"]
[Site "Avoine"]
[Date "2010.??.??"]
[Round "8"]
[White "Wenzel, Johannes"]
[Black "Letonnelier, Jean Pierre"]
[Result "1-0"]
[WhiteElo "2148"]
[BlackElo "1921"]
[PlyCount "71"]
[EventDate "2010.07.??"]
[EventType "swiss"]
[EventRounds "9"]
[EventCountry "FRA"]
[WhiteTeamCountry "FRA"]
[BlackTeamCountry "FRA"]

1. Nf3 Nf6 2. c4 e6 3. g3 b6 4. Bg2 Bb7 5. O-O Be7 6. Nc3 O-O 7. Re1 d5 8. cxd5
exd5 9. d4 Nbd7 10. Bf4 Nh5 11. Bd2 Nhf6 12. Rc1 c5 13. Bf4 Nh5 14. Be3 Nhf6
15. Bg5 h6 16. Bxf6 Nxf6 17. Nh4 cxd4 18. Nb5 Ne4 19. Nf3 a6 20. Nbxd4 Rc8 21.
Bh3 Rxc1 22. Qxc1 Bc5 23. Rf1 Qf6 24. Nb3 Bd6 25. Nbd4 Bc5 26. Qd1 g5 27. e3 h5
28. Bg2 h4 29. Nd2 Qg6 30. N4b3 Bd6 31. Nxe4 dxe4 32. Qd4 Bb8 33. Rc1 f6 34.
Nd2 f5 35. Qd7 Rf7 36. Qe8+ 1-0

[Event "Avoine op 25th"]
[Site "Avoine"]
[Date "2010.??.??"]
[Round "8"]
[White "Ollier, Milan"]
[Black "Nord, Antoine"]
[Result "1/2-1/2"]
[WhiteElo "1743"]
[BlackElo "1937"]
[PlyCount "53"]
[EventDate "2010.07.??"]
[EventType "swiss"]
[EventRounds "9"]
[EventCountry "FRA"]
[WhiteTeamCountry "FRA"]
[BlackTeamCountry "FRA"]

1. e4 e5 2. Nc3 Nf6 3. Bc4 Nc6 4. d3 Bb4 5. Bg5 h6 6. Bxf6 Qxf6 7. Nge2 d6 8.
O-O Bxc3 9. Nxc3 Be6 10. Bd5 Bxd5 11. Nxd5 Qd8 12. Qd2 Ne7 13. Nxe7 Qxe7 14. f4
O-O 15. Rf3 f6 16. fxe5 fxe5 17. Raf1 Rxf3 18. Rxf3 Rf8 19. Rxf8+ Qxf8 20. Qf2
Qxf2+ 21. Kxf2 Kf7 22. h4 h5 23. g4 g6 24. gxh5 gxh5 25. c3 Ke6 26. Ke3 c5 27.
c4 1/2-1/2

[Event "Avoine op 25th"]
[Site "Avoine"]
[Date "2010.??.??"]
[Round "8"]
[White "Lukasiewicz, Anna"]
[Black "Purenne, Benoit"]
[Result "1-0"]
[WhiteElo "2097"]
[BlackElo "1901"]
[PlyCount "61"]
[EventDate "2010.07.??"]
[EventType "swiss"]
[EventRounds "9"]
[EventCountry "FRA"]
[WhiteTeamCountry "FRA"]
[BlackTeamCountry "FRA"]

1. e4 c5 2. Nf3 Nc6 3. d4 cxd4 4. Nxd4 Qb6 5. Nb3 Nf6 6. Bd3 e6 7. O-O Be7 8.
c4 d6 9. Be3 Qc7 10. Nc3 O-O 11. Rc1 b6 12. Nd5 Qd7 13. Nxe7+ Qxe7 14. Bg5 Bb7
15. f4 Rad8 16. Qe2 e5 17. fxe5 Nxe5 18. Bxf6 gxf6 19. Bb1 Ng6 20. Nd4 Kh8 21.
Nf5 Qe5 22. Rc3 Rg8 23. Rcf3 Bc8 24. Nh6 Rg7 25. Rxf6 Be6 26. Nxf7+ Bxf7 27.
Rxf7 Rxf7 28. Rxf7 Nf4 29. Qf2 Ne6 30. h3 Ng5 31. Rf8+ 1-0

[Event "Avoine op 25th"]
[Site "Avoine"]
[Date "2010.??.??"]
[Round "8"]
[White "Eden, James"]
[Black "Potaux, Olivier"]
[Result "1-0"]
[WhiteElo "2090"]
[BlackElo "1918"]
[PlyCount "53"]
[EventDate "2010.07.??"]
[EventType "swiss"]
[EventRounds "9"]
[EventCountry "FRA"]
[WhiteTeamCountry "FRA"]
[BlackTeamCountry "FRA"]

1. e4 c6 2. d4 d5 3. Nc3 dxe4 4. Nxe4 Nf6 5. Nxf6+ gxf6 6. c3 Bf5 7. Ne2 e6 8.
Ng3 Bg6 9. Be3 Bd6 10. Qd2 Qc7 11. O-O-O Qa5 12. Bc4 Bxg3 13. fxg3 Qf5 14. Bd3
Qxd3 15. Qxd3 Bxd3 16. Rxd3 f5 17. Bf4 Nd7 18. c4 Nf6 19. Be5 Ng4 20. Re1 Rd8
21. d5 Nf2 22. Rd4 Ne4 23. dxc6 bxc6 24. Rxd8+ Kxd8 25. Bf4 Kd7 26. Bh6 Ng5 27.
c5 1-0

[Event "Avoine op 25th"]
[Site "Avoine"]
[Date "2010.07.??"]
[Round "8"]
[White "Valette, Christian"]
[Black "Louis Sidois, Charles"]
[Result "1-0"]
[WhiteElo "2088"]
[BlackElo "1925"]
[PlyCount "173"]
[EventDate "2010.07.??"]
[EventType "swiss"]
[EventRounds "9"]
[EventCountry "FRA"]
[WhiteTeamCountry "FRA"]
[BlackTeamCountry "FRA"]

1. Nf3 Nf6 2. d4 g6 3. c4 Bg7 4. Nc3 O-O 5. e4 d6 6. Be2 e5 7. dxe5 dxe5 8.
Qxd8 Rxd8 9. Bg5 c6 10. Nxe5 Re8 11. O-O-O Rxe5 12. Rd8+ Re8 13. Bxf6 Rxd8 14.
Bxd8 Be6 15. Bg5 Nd7 16. Kc2 Nb6 17. b3 Bd4 18. f3 a5 19. Rd1 Bc5 20. Rd8+ Rxd8
21. Bxd8 Kf8 22. Bd3 Ke8 23. Bg5 Nd7 24. Bf4 Kd8 25. Bg3 g5 26. h4 h6 27. Be1
b6 28. hxg5 hxg5 29. Bd2 f6 30. g3 Kc7 31. f4 gxf4 32. gxf4 Bd6 33. Ne2 Bf7 34.
Nd4 Bg6 35. Ne6+ Kb7 36. Be3 Kc8 37. Kd2 Bf7 38. Nd4 Kb7 39. Nf5 Bb4+ 40. Kc2
Bg6 41. Ng3 Be1 42. Ne2 Bb4 43. Bd4 Bd6 44. Bxf6 Bxe4 45. Bd4 Bxd3+ 46. Kxd3 b5
47. cxb5 cxb5 48. Ke4 a4 49. Kd5 Ba3 50. bxa4 bxa4 51. Nc3 Bc1 52. f5 a3 53. f6
Kc8 54. Ke6 Bh6 55. Ke7 Bf8+ 56. Ke8 Kc7 57. Nd5+ Kd6 58. Nb6 Nxf6+ 59. Bxf6
Kc6 60. Nc4 Kb5 61. Nd2 Bh6 62. Nb1 Bc1 63. Be7 Kc4 64. Bxa3 Be3 65. Bd6 Kb5
66. Kf7 Bd4 67. Na3+ Ka4 68. Ke6 Be3 69. Nc4 Bd4 70. Be5 Kb4 71. Kd5 Bc5 72.
Bb2 Ka4 73. Kc6 Bb4 74. Nb6+ Ka5 75. Bd4 Be1 76. Kc5 Bb4+ 77. Kc4 Bf8 78. Kb3
Be7 79. a4 Ka6 80. Nd7 Bd6 81. Bc5 Bf4 82. Bb4 Bg3 83. Kc4 Bf4 84. Kc5 Bg3 85.
Kc6 Bf2 86. Bc5 Bg3 87. Bb6 1-0

[Event "Avoine op 25th"]
[Site "Avoine"]
[Date "2010.??.??"]
[Round "8.140"]
[White "Bodicker, Rob"]
[Black "Barta, Ismael"]
[Result "1-0"]
[WhiteElo "2081"]
[BlackElo "1761"]
[PlyCount "111"]
[EventDate "2010.07.??"]
[EventType "swiss"]
[EventRounds "9"]
[EventCountry "FRA"]
[WhiteTeamCountry "FRA"]
[BlackTeamCountry "FRA"]

1. d4 d5 2. c4 c6 3. Nf3 Nf6 4. e3 e6 5. Nc3 Be7 6. Bd3 Nbd7 7. O-O O-O 8. e4
dxe4 9. Nxe4 Nxe4 10. Bxe4 Nf6 11. Bc2 h6 12. Bf4 Bd6 13. Be5 Bxe5 14. dxe5
Qxd1 15. Raxd1 Nd7 16. Rd2 Nb6 17. b3 Bd7 18. Rfd1 Rfd8 19. h4 Kf8 20. Rd4 c5
21. R4d2 Ke7 22. Be4 Bc6 23. Bxc6 bxc6 24. Ne1 Rxd2 25. Rxd2 Rd8 26. Rxd8 Kxd8
27. Nd3 Nd7 28. h5 f6 29. f4 Ke7 30. Kf2 Kf7 31. Kf3 f5 32. g4 g6 33. gxf5 gxf5
34. Ke3 Ke7 35. Kd2 Kd8 36. Kc3 a5 37. a3 Kc7 38. Ne1 Kd8 39. Nf3 Ke7 40. Ne1
Kd8 41. b4 cxb4+ 42. axb4 axb4+ 43. Kxb4 Kc7 44. Nd3 Kb6 45. c5+ Ka6 46. Nb2
Kb7 47. Nc4 Kc7 48. Na5 Nb8 49. Nb3 Nd7 50. Nd4 Nf8 51. Ka4 Nd7 52. Nxe6+ Kc8
53. Kb4 Kb7 54. Ng7 Nxe5 55. fxe5 f4 56. Kc4 1-0

[Event "Avoine op 25th"]
[Site "Avoine"]
[Date "2010.??.??"]
[Round "8"]
[White "Senay, Dominique"]
[Black "Thomas, Olivier"]
[Result "0-1"]
[WhiteElo "1654"]
[BlackElo "1478"]
[PlyCount "68"]
[EventDate "2010.07.??"]
[EventType "swiss"]
[EventRounds "9"]
[EventCountry "FRA"]
[WhiteTeamCountry "FRA"]
[BlackTeamCountry "FRA"]

1. d4 Nf6 2. c4 g6 3. Nc3 Bg7 4. e4 d6 5. f4 O-O 6. Nf3 Na6 7. e5 Nd7 8. c5
dxc5 9. d5 Nb6 10. Be3 Nb4 11. Bxc5 N4xd5 12. Nxd5 Nxd5 13. Bc4 c6 14. Qd2 b6
15. Ba3 a5 16. Rd1 Bb7 17. Qe2 Qd7 18. Bxd5 cxd5 19. Nd4 Ba6 20. Qe3 Rfd8 21.
Bxe7 Qxe7 22. Nc6 Qc5 23. Qxc5 bxc5 24. Nxd8 Rxd8 25. Kf2 Bc8 26. b3 Bf8 27. h3
h5 28. Kf3 Bf5 29. Rhg1 Be4+ 30. Ke3 c4 31. Kd4 Rc8 32. Kc3 Bb4+ 33. Kb2 c3+
34. Ka1 c2 0-1

[Event "Avoine op 25th"]
[Site "Avoine"]
[Date "2010.07.20"]
[Round "8"]
[White "Gennesseaux, Blaise"]
[Black "Farou, Fabrice"]
[Result "0-1"]
[WhiteElo "1868"]
[BlackElo "2029"]
[PlyCount "48"]
[EventDate "2010.07.??"]
[EventType "swiss"]
[EventRounds "9"]
[EventCountry "FRA"]
[WhiteTeamCountry "FRA"]
[BlackTeamCountry "FRA"]

1. e4 Nf6 2. e5 Nd5 3. Bc4 Nb6 4. Bb3 c5 5. Qg4 d5 6. Ba4+ Nxa4 7. Qxa4+ Nc6 8.
Nf3 Qd7 9. b3 Qg4 10. Nc3 Qxg2 11. Qf4 Nd4 12. Nxd4 cxd4 13. Qxd4 Qxh1+ 14. Ke2
e6 15. Nb5 Kd8 16. Nxa7 Qe4+ 17. Qxe4 dxe4 18. Nb5 Bd7 19. Nc3 Bc6 20. Ke3 Ba3
21. Bxa3 Rxa3 22. Nxe4 Bxe4 23. Kxe4 Kd7 24. c4 Rha8 0-1

[Event "Avoine op 25th"]
[Site "Avoine"]
[Date "2010.??.??"]
[Round "8"]
[White "Guinovart, Jose"]
[Black "Bonnaud, Remy"]
[Result "1-0"]
[WhiteElo "1902"]
[BlackElo "2189"]
[PlyCount "113"]
[EventDate "2010.07.??"]
[EventType "swiss"]
[EventRounds "9"]
[EventCountry "FRA"]
[WhiteTeamCountry "FRA"]
[BlackTeamCountry "FRA"]

1. d4 d5 2. c4 c6 3. Nc3 Nf6 4. Nf3 dxc4 5. a4 Bf5 6. e3 e6 7. Bxc4 Bb4 8. Bd2
O-O 9. O-O Nbd7 10. h3 Qe7 11. Re1 Nb6 12. Bf1 a5 13. Nh4 Ne4 14. Nxf5 exf5 15.
Bd3 Rfe8 16. Qc2 Qh4 17. Bxe4 fxe4 18. Rf1 Bxc3 19. Bxc3 Nd5 20. Be1 Re6 21.
Rb1 Rg6 22. Kh2 Qg5 23. Qxe4 f5 24. Qf3 b5 25. Rc1 Re8 26. Rc2 Re4 27. Bd2 Qf6
28. Rfc1 Qd6+ 29. g3 Qd7 30. Qg2 Ree6 31. Re1 Qe8 32. Qf3 Rgf6 33. Rb1 g5 34.
Rg1 Kh8 35. Qd1 Qe7 36. e4 fxe4 37. Bxg5 Rxf2+ 38. Rxf2 Qxg5 39. Rgf1 Ne3 40.
Rf8+ Kg7 41. R1f7+ Kh6 42. Qe2 Nd5 43. Rf5 Qg6 44. g4 Kg7 45. Qf2 Nf6 46. Rb8
e3 47. Qe2 h5 48. Re5 Rxe5 49. dxe5 Nd5 50. Rb7+ Kf8 51. gxh5 Qe4 52. h6 Qxe5+
53. Kg1 Nf4 54. Qg4 e2 55. Qc8+ Qe8 56. Qxe8+ Kxe8 57. Kf2 1-0

[Event "Avoine op 25th"]
[Site "Avoine"]
[Date "2010.07.19"]
[Round "8"]
[White "Lukasiewicz, Aleksander"]
[Black "Fruteau, Sabine"]
[Result "1-0"]
[WhiteElo "2474"]
[BlackElo "2142"]
[PlyCount "116"]
[EventDate "2010.07.??"]
[EventType "swiss"]
[EventRounds "9"]
[EventCountry "FRA"]
[WhiteTeamCountry "FRA"]
[BlackTeamCountry "FRA"]

1. e4 e5 2. Nf3 Nf6 3. Nxe5 d6 4. Nf3 Nxe4 5. Nc3 Nxc3 6. dxc3 Be7 7. Bf4 Nc6
8. Bd3 O-O 9. Qd2 Bf6 10. O-O-O Be6 11. Ng5 Bxg5 12. Bxg5 Qd7 13. Qf4 f6 14.
Qh4 Bf5 15. Qc4+ Kh8 16. Bf4 Bxd3 17. Qxd3 Ne5 18. Qd4 Qf7 19. Qd5 Qxd5 20.
Rxd5 Rae8 21. Rdd1 g5 22. Bg3 Ng6 23. Rde1 Kg7 24. f3 a6 25. c4 Ne5 26. b3 h6
27. f4 Nc6 28. Rhf1 Nd4 29. Kd2 Rxe1 30. Rxe1 g4 31. Bf2 Nf5 32. Kd3 Kg6 33.
Re6 Kf7 34. Re1 Ne7 35. Re2 h5 36. g3 Rh8 37. c5 d5 38. c4 c6 39. cxd5 Nxd5 40.
Kc4 h4 41. b4 hxg3 42. Bxg3 Re8 43. Rxe8 Kxe8 44. Kb3 Kd7 45. Ka4 Nc3+ 46. Kb3
Nb5 47. Ka4 Nc7 48. Ka5 Nd5 49. f5 Ne3 50. Kb6 Kc8 51. Bh4 Nxf5 52. Bxf6 g3 53.
hxg3 Nxg3 54. Ka7 Nf5 55. Bc3 Ne3 56. Bd2 Nd5 57. Be1 Ne3 58. Bd2 Nd5 1-0

[Event "Avoine op 25th"]
[Site "Avoine"]
[Date "2010.??.??"]
[Round "8.92"]
[White "Beaugeard, Meddy"]
[Black "Maloberti, David"]
[Result "0-1"]
[WhiteElo "1901"]
[BlackElo "1774"]
[PlyCount "63"]
[EventDate "2010.07.??"]
[EventType "swiss"]
[EventRounds "9"]
[EventCountry "FRA"]
[WhiteTeamCountry "FRA"]
[BlackTeamCountry "FRA"]

1. Nf3 f5 2. g3 Nf6 3. Bg2 g6 4. c4 Bg7 5. Nc3 d6 6. d3 c6 7. Qb3 Nbd7 8. d4 e5
9. O-O e4 10. Ng5 Qe7 11. Be3 h6 12. Nh3 g5 13. Rae1 Ng4 14. Nd1 Nb6 15. Qc2
Be6 16. b3 Bf7 17. Qd2 Qf6 18. Nc3 Nd7 19. Nb1 a5 20. Na3 Nxe3 21. Qxe3 Bg6 22.
Qd2 f4 23. f3 e3 24. Qc1 Bc2 25. Qxc2 Qxd4 26. Rd1 Qe5 27. gxf4 gxf4 28. Kh1
Kf7 29. Rg1 h5 30. Bf1 Bf6 31. Rg8 Kxg8 32. Ng5 0-1

[Event "Avoine op 25th"]
[Site "Avoine"]
[Date "2010.??.??"]
[Round "8"]
[White "Kempinski, Andre"]
[Black "Daniel, Jean Claude"]
[Result "1/2-1/2"]
[WhiteElo "2129"]
[BlackElo "1410"]
[PlyCount "99"]
[EventDate "2010.07.??"]
[EventType "swiss"]
[EventRounds "9"]
[EventCountry "FRA"]
[WhiteTeamCountry "FRA"]
[BlackTeamCountry "FRA"]

1. e4 c5 2. Nf3 Nc6 3. d4 cxd4 4. Nxd4 e5 5. Nb5 d6 6. c4 Be7 7. Be2 a6 8. N5c3
Nd4 9. Nd5 Be6 10. Nbc3 Nf6 11. Bd3 O-O 12. O-O Nxd5 13. exd5 Bd7 14. Be3 f5
15. Bxd4 exd4 16. Ne2 Bf6 17. f4 Kh8 18. Kh1 Qe8 19. Qc2 g6 20. Rae1 Qf7 21.
Rd1 Rae8 22. Qd2 Qe7 23. b3 Bg7 24. Ng1 Bf6 25. Nf3 h6 26. Bb1 Qe3 27. Nxd4
Qxd2 28. Rxd2 Re3 29. Nf3 Rfe8 30. Bd3 g5 31. g3 Kg7 32. Rdd1 R8e7 33. Ne1 Rf7
34. Ng2 Re8 35. Rde1 Rxe1 36. Rxe1 Bc3 37. Re2 Kf6 38. Kg1 Re7 39. Kf1 Rxe2 40.
Kxe2 Be8 41. Kd1 Bd4 42. Ke2 Bh5+ 43. Kf1 Bg4 44. h4 Bh3 45. hxg5+ hxg5 46.
fxg5+ Kxg5 47. Be2 Be5 48. Kg1 Bd4+ 49. Kf1 Be5 50. Kf2 1/2-1/2

[Event "Avoine op 25th"]
[Site "Avoine"]
[Date "2010.??.??"]
[Round "8"]
[White "Soyer, Jean Yves"]
[Black "Monpeurt, Cyrielle"]
[Result "0-1"]
[WhiteElo "2079"]
[BlackElo "1899"]
[PlyCount "76"]
[EventDate "2010.07.??"]
[EventType "swiss"]
[EventRounds "9"]
[EventCountry "FRA"]
[WhiteTeamCountry "FRA"]
[BlackTeamCountry "FRA"]

1. c4 f5 2. g3 Nf6 3. Bg2 g6 4. d4 Bg7 5. Nc3 d6 6. Nf3 O-O 7. O-O Qe8 8. d5 c6
9. Nd4 e5 10. dxe6 Bxe6 11. Nxe6 Qxe6 12. Qb3 Rf7 13. Bf4 Na6 14. Rad1 Rd8 15.
Qc2 Nc5 16. b3 a6 17. Rfe1 Nfe4 18. Nb1 g5 19. Be3 f4 20. Bxc5 Nxc5 21. b4 fxg3
22. hxg3 Nd7 23. b5 Ne5 24. bxc6 bxc6 25. Qe4 Qf6 26. Rf1 Qh6 27. Nd2 Rdf8 28.
Nf3 Rf5 29. Nxe5 Bxe5 30. e3 Qh5 31. f4 gxf4 32. exf4 d5 33. cxd5 Bb8 34. Rfe1
Ba7+ 35. Kf1 Qg4 36. Rd3 cxd5 37. Qe6+ Kh8 38. Qxa6 Rxf4+ 0-1

[Event "Avoine op 25th"]
[Site "Avoine"]
[Date "2010.??.??"]
[Round "8"]
[White "Gaillet, Philippe"]
[Black "Sobry, Sebastien"]
[Result "1-0"]
[WhiteElo "1673"]
[BlackElo "1540"]
[PlyCount "63"]
[EventDate "2010.07.??"]
[EventType "swiss"]
[EventRounds "9"]
[EventCountry "FRA"]
[WhiteTeamCountry "FRA"]
[BlackTeamCountry "FRA"]

1. e4 c5 2. Nf3 e6 3. d4 cxd4 4. Nxd4 a6 5. c4 Nf6 6. Nc3 Qc7 7. Be3 b6 8. Bd3
Bb7 9. O-O Bb4 10. Nde2 Nc6 11. a3 Ng4 12. Bf4 Bd6 13. Bxd6 Qxd6 14. Ng3 Nge5
15. Be2 Nd4 16. Kh1 Rc8 17. b3 b5 18. f4 Ng6 19. Qd2 Qb6 20. Rad1 Nxb3 21.
Qxd7+ Kf8 22. Rd6 Nc5 23. Qxc8+ Bxc8 24. Nxb5 Ke7 25. e5 Bd7 26. Ne4 Nxe4 27.
Bd3 Rd8 28. f5 Nh4 29. g3 Nf3 30. Rc1 Nxe5 31. Rc6 exf5 32. Rc8 1-0

[Event "Avoine op 25th"]
[Site "Avoine"]
[Date "2010.??.??"]
[Round "8"]
[White "Monpeurt, Fabien"]
[Black "Dessenne, Francois"]
[Result "0-1"]
[WhiteElo "1866"]
[BlackElo "1771"]
[PlyCount "82"]
[EventDate "2010.07.??"]
[EventType "swiss"]
[EventRounds "9"]
[EventCountry "FRA"]
[WhiteTeamCountry "FRA"]
[BlackTeamCountry "FRA"]

1. e4 c5 2. Nf3 Nc6 3. d4 cxd4 4. Nxd4 Nf6 5. Nc3 g6 6. Nxc6 bxc6 7. e5 Ng8 8.
Be3 Bg7 9. f4 d5 10. Qd2 e6 11. O-O-O Ne7 12. Bc5 O-O 13. g4 g5 14. Bd3 Ng6 15.
Bxg6 fxg6 16. Bxf8 Qxf8 17. fxg5 Rb8 18. a3 Bxe5 19. Rhf1 Qe7 20. Rf3 Qb7 21.
b3 Qe7 22. Nb1 Ba6 23. Qe3 Bg7 24. Rf6 Bxf6 25. gxf6 Qxf6 26. Qxa7 Qf4+ 27. Kb2
Be2 28. Qd4 e5 29. Qxf4 exf4 30. Re1 Bxg4 31. Nd2 Kf7 32. Rf1 g5 33. h4 Kf6 34.
Rg1 h5 35. hxg5+ Kf5 36. c4 f3 37. Kc3 Kf4 38. Nxf3 Kxf3 39. Rf1+ Ke3 40. Rf6
d4+ 41. Kb2 d3 0-1

[Event "Avoine op 25th"]
[Site "Avoine"]
[Date "2010.08.??"]
[Round "8"]
[White "Dupeux, Denis"]
[Black "Heurtebize, Christophe"]
[Result "1/2-1/2"]
[WhiteElo "1860"]
[BlackElo "2029"]
[PlyCount "97"]
[EventDate "2010.07.??"]
[EventType "swiss"]
[EventRounds "9"]
[EventCountry "FRA"]
[WhiteTeamCountry "FRA"]
[BlackTeamCountry "FRA"]

1. d4 Nf6 2. c4 g6 3. Nc3 Bg7 4. e4 d6 5. Be2 O-O 6. Bg5 Nbd7 7. g4 c5 8. d5
Qa5 9. Bd2 e6 10. g5 Ne8 11. h4 exd5 12. Nxd5 Qd8 13. Qc2 Nc7 14. h5 Nxd5 15.
cxd5 b5 16. f4 f5 17. exf5 Rxf5 18. hxg6 hxg6 19. Bd3 Qe7+ 20. Ne2 Nb6 21.
O-O-O c4 22. Be4 Na4 23. Nc3 Nc5 24. Rde1 Qb7 25. Be3 b4 26. Bxc5 bxc3 27. bxc3
dxc5 28. d6 Qb8 29. Bxa8 Qxa8 30. Re8+ Rf8 31. Rhe1 Qf3 32. Rxc8 Rxc8 33. d7
Rf8 34. Re8 Qxf4+ 35. Qd2 Qf1+ 36. Kb2 Bxc3+ 37. Kxc3 Qh3+ 38. Kb2 c3+ 39. Qxc3
Qxd7 40. Rxf8+ Kxf8 41. Qh8+ Kf7 42. Qf6+ Ke8 43. Qxg6+ Kd8 44. Qf6+ Kc7 45.
Qe5+ Kb6 46. Qf6+ Kb5 47. Qe5 Qd2+ 48. Kb1 Qd1+ 49. Kb2 1/2-1/2